| 000 | 00832cam a22002652 4500 | ||
|---|---|---|---|
| 001 | 10663 | ||
| 003 | BD RJUL | ||
| 005 | 20211208235008.0 | ||
| 008 | 250114s1967 nyua b 000 0 eng | ||
| 035 | _aBD RJUL | ||
| 040 |
_aDLC _cDLC _dIUD _dBD RJUL _beng |
||
| 041 | _aeng | ||
| 082 | 0 | 0 |
_a547.84 _bLEO 1967 |
| 100 | 1 |
_aLenz, Robert W. _932973 |
|
| 245 | 1 | 0 |
_aOrganic chemistry of synthetic high polymers / _c[by] Robert W. Lenz. With contributions by Darrell C. Feay and Nathaniel S. Schneider. |
| 260 |
_aNew York : _bInterscience Publishers, _c1967. |
||
| 300 |
_axvi, 837 p.: _bill. ; _c24 cm. |
||
| 504 | _aIncludes bibliographies. | ||
| 650 | 0 |
_aPolymers. _932974 |
|
| 650 | 0 |
_aPolymerization. _932975 |
|
| 650 | 2 |
_aPolymers _932976 |
|
| 650 | 2 |
_aChemistry, Organic _932977 |
|
| 942 |
_2ddc _cBK |
||
| 999 |
_c10663 _d10663 |
||